000 00429nam a22001697a 4500
005 20230116100821.0
008 220210b ||||| |||| 00| 0 eng d
020 _a978-93-88897-87-7
041 _aeng
082 _a615.19
_bBOT-T
100 _aBOTHARA, K.G.
_97065
245 _aA TEXTBOOK OF MEDICINAL CHEMISTRY-II
260 _aPUNE
_bNIRALI PRAKASHAN
300 _aI.8;p
650 _aPHARMACY
_xB.PHARMA
_97083
942 _cBK
999 _c7912
_d7910